| 000 | 00542nam a22001697a 4500 | ||
|---|---|---|---|
| 005 | 20240809132720.0 | ||
| 008 | 240809b |||||||| |||| 00| 0 eng d | ||
| 020 | _a0409016845 | ||
| 041 | _aEnglish | ||
| 082 | _a349 SOU | ||
| 100 | _lEnglish | ||
| 245 | _aIndex and Noter-Up to the All South African Law Reports and South African Law Reports 1996-1998 | ||
| 260 |
_aDurban: _bButterworths Publishers (Pty) Ltd, _c1998 |
||
| 300 |
_b689 pages; _c25 cm. |
||
| 650 |
_aLegal practice _bLaw |
||
| 942 |
_cBK _6ALISON_BN_VRIES |
||
| 999 |
_c2554 _d2554 |
||